000 00655nam a2200241Ia 4500
003 OSt
005 20221007111056.0
006 a|||||r|||| 00| 0
007 ta
008 221006b |||||||| |||| 00| 0 eng d
024 _a22,513
037 _cTextual
040 _aLCO
_cLCO
_beng
041 _2eng
_aeng
082 _aX724:(Z2), L0
100 _aHansaria B.L.
_9683743
245 0 _aLaw of Escaped Income Assessment in India
260 _aLucknow
_bEastern Book Company India
_c1970
300 _a172
650 _aINCOME ASSESSMENT
_9708225
942 _hX724:(Z2), L0
_cTEXL
999 _c1192076
_d1192076